Carbon Footprint of Photovoltaic Solar Panels

Solárne panely sú kľúčom k zníženiu závislosti od fosílnych palív, keďže vyrábajú čistú elektrinu. Ich produkcia, preprava a likvidácia však vytvára emisie skleníkových plynov, ktoré v súhrne označujú ako svoju „uhlíkovú stopu“. Táto jedna štúdia skúma uhlíkové monokryštalické, polykryštalické a ten...

Description complète

Enregistré dans:
Détails bibliographiques
Auteur principal: Červenka, Peter, 1976-
Format: Chapitre de livre
Langue:anglais
Sujets:
Tags: Ajouter un tag
Pas de tags, Soyez le premier à ajouter un tag!

MARC

LEADER 00000naa$a2200000$$$4500
001 0306461
005 20251204123838.6
041 0 |a eng 
044 |a SK 
245 1 0 |a Carbon Footprint of Photovoltaic Solar Panels  |c Peter Červenka 
520 |a Solárne panely sú kľúčom k zníženiu závislosti od fosílnych palív, keďže vyrábajú čistú elektrinu. Ich produkcia, preprava a likvidácia však vytvára emisie skleníkových plynov, ktoré v súhrne označujú ako svoju „uhlíkovú stopu“. Táto jedna štúdia skúma uhlíkové monokryštalické, polykryštalické a tenkovrstvové solárne panely, aby porovnala ich emisie a identifikovala príležitosti na zníženie ich negatívneho vplyvu na životné prostredie. Analýza čerpá z článkov o vedeckých údajoch pre odbornú publikáciu. 
610 2 0 |a udržateľnosť 
610 2 0 |a elektrárne solárne 
610 2 0 |a elektrina 
610 2 0 |a stopa uhlíková 
610 2 0 |a palivá fosílne 
610 2 0 |a rozvoj trvalo udržateľný 
610 2 0 |a ochrana prostredia životného 
610 2 0 |a fotovoltaika 
100 1 |a Červenka, Peter, 1976-